000 00583nam a2200229Ia 4500
003 OSt
005 20220918221237.0
006 a|||||r|||| 00| 0
007 ta
008 220917b |||||||| |||| 00| 0 eng d
024 _a148,924
037 _cTextual
040 _aARTS
_cARTS
_beng
041 _2eng
_aeng
082 _aT0aX:89M, L9--;1
245 0 _aLearning and working .ed by Zaghloul Morsy
260 _aParis
_bUnesco
_c1979
300 _a348p
_ccm.
650 _aEDUCATION
942 _hT0aX:89M, L9--;1
_cTEXL
_2CC
999 _c271599
_d271599